000 01915nam a22002057a 4500
999 _c61240
_d61240
003 Ge_BSU
005 20240109170931.0
008 240109s2023ge xxu||||| |||| 00| 0 geo d
020 _a9789941356964
041 _ageo
080 _a069 ჰ-73
100 _aჰოკინსი, ოვენ
_921002
_eავტორი
245 _aმუზეუმები:
_bმუზეუმების ისტორია დასაბამიდან დღემდე /
_cოუკენ ჰოპკინსი, თარგმნ: ნინო მესტვირიშვილი
264 _aთბილისი :
_bპალიტრა L,
_c2023.
300 _a 320 გვ:.
_b30 სმ.
653 _aმუზეუმები
653 _aწიგნი მკითხველს მუზეუმების დაარსების მეტად საინტერესო ისტორიებს უამბობს;დეტალურად არის აღწერილი მუზეუმების აღმოცენებისა და განვითარების ისტორია,რომელიც ევროპის სამეფო საგანძურის კოლექციებს,განმანათლებლობის ეპოქით შთაგონებულ რარიტეტთა განძთსაცავებს,XIX საუკუნეში შექმნილ საჯარო მუზეუმებსა და მსოფლიოს წამყვან არქიტექტორთა დაპროექტებულ შესანიშნავ ნაგებობებს ასახავს
700 _aმესტვირიშვილი, ნინო
_eმთარგმნელი
_921003
942 _2udc
_cᲬᲘᲒᲜᲘ